Recomposición territorial de la agricultura campesina en América Latina (Registro nro. 17751)
[ vista simple ]
| 000 -CABECERA | |
|---|---|
| Campo de control | 01131nam a22002657a 4500 |
| 005 - FECHA Y HORA DE LA ULTIMA TRANSACCION | |
| Campo de control | 20150904092624.0 |
| 008 - ELEMENTOS DE LONGITUD FIJA—INFORMACION GENERAL | |
| Campo de control | 150904b2011 mx |||||r|||| 00| 0 spa d |
| 020 ## - ISBN | |
| ISBN | 9789688395769 (Colegio de postgraduados) |
| 020 ## - ISBN | |
| ISBN | 9786074022483 (Plaza y Valdés) |
| 040 ## - FUENTE DE CATALOGACIÓN | |
| Agencia catalogadora original | CO-BoIAVH |
| Agencia transcriptora | CO-BoIAVH |
| 041 0# - IDIOMA | |
| Código de idioma para texto/pista de sonido o título separado | Español |
| 044 ## - PAÍS DE PUBLICACIÓN | |
| País de publicación | México |
| 082 04 - NUMERO DE CLASIFICACION DECIMAL DEWEY | |
| Número de clasificación | 306.364 |
| Número del ítem | R17r |
| 245 1# - MENCION DE TITULO | |
| Título | Recomposición territorial de la agricultura campesina en América Latina |
| Mención de responsabilidad | Cordinadores: Javier Ramírez Juarez y Jean Christian Tulet |
| 260 ## - PUBLICACION, DISTRIBUCION, ETC. (PIE DE IMPRENTA) | |
| Lugar de publicación, distribución, etc. | México: |
| Nombre del editor, distribuidor, etc. | Colegio de Postgraduados, |
| -- | Geographie de l´environment, |
| -- | Plaza y Valdés, |
| Fecha de publicación, distribución, etc. | 2011. |
| 300 ## - DESCRIPCION FISICA | |
| Extensión | 276 páginas |
| Otros detalles físicos | ilustraciones, mapas, gráficos y tablas |
| Dimensiones | 23 cm. |
| 504 ## - NOTA DE BIBLIOGRAFIA, ETC. | |
| Nota de bibliografía | Incluye bibliografías. |
| 650 #6 - ASIENTO SECUNDARIO DE MATERIA - TERMINO TEMATICO | |
| Término temático o nombre geográfico como elemento de entrada | Sistemas agrícolas |
| Subdivisión geográfica | América Latina |
| 9 (RLIN) | 38175 |
| 650 #6 - ASIENTO SECUNDARIO DE MATERIA - TERMINO TEMATICO | |
| Término temático o nombre geográfico como elemento de entrada | Ecología agrícola |
| Subdivisión geográfica | América Latina |
| 9 (RLIN) | 38176 |
| 650 #6 - ASIENTO SECUNDARIO DE MATERIA - TERMINO TEMATICO | |
| Término temático o nombre geográfico como elemento de entrada | Agricultura |
| Subdivisión general | Población campesina |
| Subdivisión geográfica | América Latina |
| 9 (RLIN) | 38177 |
| 650 #6 - ASIENTO SECUNDARIO DE MATERIA - TERMINO TEMATICO | |
| Término temático o nombre geográfico como elemento de entrada | Agricultura |
| Subdivisión general | Territorio |
| Subdivisión geográfica | América Latina |
| 9 (RLIN) | 38178 |
| 700 1# - ASIENTO SECUNDARIO - NOMBRE PERSONAL | |
| Nombre personal | Ramírez Juarez, Javier |
| Término de relación | Coordinador |
| 9 (RLIN) | 38173 |
| 700 1# - ASIENTO SECUNDARIO - NOMBRE PERSONAL | |
| Nombre personal | Christian Tulet, Jean |
| Término de relación | Coordinador |
| 9 (RLIN) | 38174 |
| 942 ## - ELEMENTOS ADICIONALES (KOHA) | |
| Sistema de clasificación | Dewey Decimal Classification |
| Tipo de ítem | Libro |
| Withdrawn status | Lost status | Sistema de Clasificación | Damaged status | No para préstamo | Colección | Inventariado | Ubicación Permanente | Ubicación actual | Fecha de adquisición | Fuente de Valor | Valor | Total Checkouts | Número topográfico | Inventario / Código de Barras | Date last seen | Ejemplar | Price effective from | Forma de adquisición | Tipo de material |
|---|---|---|---|---|---|---|---|---|---|---|---|---|---|---|---|---|---|---|---|
| Dewey Decimal Classification | General | Inventariado 2017 | Bogotá | Bogotá | 04/09/2015 | Instituto | 39000.00 | LB-306.364 R17r | 038705 | 04/09/2015 | Ej. 1 | 04/09/2015 | Canje | Libro |